000
00238nam a2200097Ia 4500
001
793129
005
20250826170643.0
008
250824s9999 xx 000 0 und d
245
0
_a
BANA ALLAH YETER
_c
UĞUR KOŞAR
260
_b
DESTEK YAYINLARI
999
_c
793129
_d
793129